[Event "Ennepe-Ruhr - Solingen 4"]
[Site "Schwelm"]
[Date "2023.11.12"]
[Round "3.8"]
[White "Schaefer, Martin"]
[Black "Loriguillo Gonzalez, Gregorio"]
[Result "1/2-1/2"]
[WhiteElo "1974"]
[BlackElo "1838"]
[PlyCount "192"]
[EventDate "2023.??.??"]
[SourceVersionDate "2020.03.16"]

1. d4 d5 2. c4 e6 3. Nf3 Nf6 4. g3 dxc4 5. Bg2 c5 6. O-O Nc6 7. dxc5 Bxc5 8. Qxd8+ Nxd8 9. Ne5 O-O 10. Rd1 Nd5 11. Nxc4 b5 12. Ne5 f6 13. Bxd5 exd5 14. Nd3 Bb6 15. Nf4 d4 16. Na3 a6 17. Nc2 Nc6 18. b3 Bf5 19. Ne1 Rfd8 20. Kg2 Rac8 21. Bd2 g5 22. Nfd3 Re8 23. Nc1 Re6 24. h3 Ne7 25. a4 Nd5 26. axb5 axb5 27. g4 Be4+ 28. Kf1 Nc3 29. Bxc3 Rxc3 30. f3 Bd5 31. b4 Bc4 32. Ncd3 Bc7 33. Ra8+ Kg7 34. Ra7 Re7 35. Rda1 Kg6 36. Rb7 Bd6 37. Rxe7 Bxe7 38. Ra7 Bd6 39. Kf2 Rb3 40. h4 gxh4 41. f4 Bxb4 42. Nxb4 Rxb4 43. Nf3 Bf7 44. Nxh4+ Kg7 45. Nf5+ Kg6 46. Ne7+ Kg7 47. Nc6 Ra4 48. Rb7 d3 49. exd3 Ra8 50. Nd4 Kg8 51. Rxb5 Rd8 52. Ke3 Re8+ 53. Kd2 Bg6 54. f5 Bf7 55. Rb6 Kg7 56. Rb7 Kg8 57. Rc7 h5 58. gxh5 Bxh5 59. Ne6 Bf7 60. Rc6 Bxe6 61. Rxe6 Rf8 62. d4 Kf7 63. Kd3 Ra8 64. Ke4 Ra5 65. Rc6 Ke7 66. Rc7+ Ke8 67. Rc5 Ra6 68. Rb5 Kd7 69. Rb7+ Ke8 70. Rh7 Ra5 71. Rb7 Kf8 72. Rc7 Ke8 73. Rc5 Ra6 74. Rb5 Kd7 75. Rb7+ Ke8 76. Rb4 Ra5 77. Kf4 Ke7 78. Rb6 Ra4 79. Re6+ Kf7 80. Re4 Ra1 81. Re3 Rf1+ 82. Ke4 Ke7 83. Rf3 Ra1 84. Kd5 Kd7 85. Kc5 Rc1+ 86. Kd5 Ra1 87. Rh3 Ra5+ 88. Ke4 Kd6 89. Rh7 Ra1 90. Rf7 Re1+ 91. Kd3 Rd1+ 92. Kc3 Rf1 93. Rxf6+ Kd5 94. Rf8 Rf3+ 95. Kb4 Kxd4 96. f6 Kd5 1/2-1/2

[Event "Bonn Beuel - Solingen 4"]
[Site "?"]
[Date "2023.12.03"]
[Round "4.1"]
[White "Fichtner, Ewald"]
[Black "Haag, Martin"]
[Result "1/2-1/2"]
[WhiteElo "2049"]
[BlackElo "2229"]
[PlyCount "39"]
[EventDate "2023.??.??"]
[SourceVersionDate "2020.03.16"]

1. d4 d5 2. Nf3 c5 3. c4 e6 4. cxd5 exd5 5. Bg5 Nf6 6. Bxf6 Qxf6 7. Nc3 Be6 8. e4 dxe4 9. Bb5+ Nc6 10. Nxe4 Qf4 11. Qe2 O-O-O 12. Bxc6 bxc6 13. O-O Bd5 14. Nxc5 Bxc5 15. dxc5 Bc4 16. Qe7 Bxf1 17. Qxa7 Be2 18. Qa8+ Kc7 19. Qa7+ Kc8 20. Qa8+ 1/2-1/2

[Event "Bonn Beuel - Solingen 4"]
[Site "?"]
[Date "2023.12.03"]
[Round "4.2"]
[White "Hoppe, Thilo"]
[Black "Blasek, Ralph"]
[Result "1/2-1/2"]
[WhiteElo "2106"]
[BlackElo "2171"]
[PlyCount "80"]
[EventDate "2023.??.??"]
[SourceVersionDate "2020.03.16"]

1. d4 b5 2. Nf3 Bb7 3. e3 b4 4. a3 e6 5. axb4 Bxb4+ 6. c3 Be7 7. Nbd2 Nf6 8. Bd3 d6 9. e4 Nbd7 10. O-O c5 11. Re1 Qc7 12. e5 Nd5 13. Nc4 cxd4 14. cxd4 O-O 15. Bg5 dxe5 16. Bxe7 Nxe7 17. dxe5 Bd5 18. Rc1 Rac8 19. Rc3 Bxf3 20. Qxf3 Ng6 21. Bxg6 fxg6 22. Qh3 Rce8 23. Qe3 Rb8 24. Ra1 Nb6 25. Nd6 Qe7 26. Rca3 Nd5 27. Qd2 Nf4 28. Ne4 Qb7 29. Re1 Qxb2 30. Qxb2 Rxb2 31. Rxa7 Nd3 32. Rd1 h6 33. f3 Nxe5 34. Re7 Rb6 35. Nc5 Rf7 36. Rxe6 Rxe6 37. Nxe6 Re7 38. Nc5 Rc7 39. Rd5 Nf7 40. Kf2 g5 1/2-1/2

[Event "Bonn Beuel - Solingen 4"]
[Site "?"]
[Date "2023.12.03"]
[Round "4.3"]
[White "Auer, Martin"]
[Black "Lorenz, Roger"]
[Result "1/2-1/2"]
[WhiteElo "2210"]
[BlackElo "2152"]
[PlyCount "33"]
[EventDate "2023.??.??"]
[SourceVersionDate "2020.03.16"]

1. Nf3 d5 2. g3 g6 3. Bg2 Bg7 4. O-O e5 5. d3 Ne7 6. Nc3 O-O 7. e4 d4 8. Ne2 c5 9. Nd2 Nbc6 10. f4 Be6 11. Nf3 f6 12. c4 Qd7 13. Bd2 Nc8 14. a3 a5 15. b3 Nd6 16. fxe5 Nxe5 17. Nf4 1/2-1/2

[Event "Bonn Beuel - Solingen 4"]
[Site "?"]
[Date "2023.12.03"]
[Round "4.4"]
[White "Gikas, Andreas Basilius"]
[Black "Sereda, Yaroslava"]
[Result "1/2-1/2"]
[WhiteElo "2123"]
[BlackElo "1958"]
[PlyCount "61"]
[EventDate "2023.??.??"]
[SourceVersionDate "2020.03.16"]

1. e4 c5 2. Nf3 Nc6 3. d4 cxd4 4. Nxd4 e5 5. Nb5 d6 6. N1c3 a6 7. Na3 Be7 8. Nc4 b5 9. Ne3 Nf6 10. g3 h5 11. Bg2 h4 12. O-O Be6 13. Ncd5 Rb8 14. c3 Qd7 15. Nxf6+ Bxf6 16. Nd5 Bd8 17. Re1 Ne7 18. Nxe7 Qxe7 19. Be3 Bb6 20. Qd2 hxg3 21. fxg3 Qg5 22. Qf2 Bxe3 23. Rxe3 O-O 24. Rd3 Rfd8 25. b4 Qe7 26. a4 Bc4 27. Rd2 bxa4 28. Rxa4 Qc7 29. Ra3 Rb5 30. Bf1 a5 31. Rxa5 1/2-1/2

[Event "Bonn Beuel - Solingen 4"]
[Site "?"]
[Date "2023.12.03"]
[Round "4.5"]
[White "Kushchan, Eduard"]
[Black "Rosskothen, Arnd"]
[Result "1/2-1/2"]
[WhiteElo "2036"]
[BlackElo "2095"]
[PlyCount "96"]
[EventDate "2023.??.??"]
[SourceVersionDate "2020.03.16"]

1. d4 d5 2. Nf3 Nf6 3. e3 g6 4. c4 Bg7 5. Nc3 O-O 6. Qb3 c6 7. Bd2 dxc4 8. Bxc4 b5 9. Bd3 Be6 10. Qc2 Na6 11. Ne2 Qd6 12. O-O c5 13. Bxb5 cxd4 14. Nexd4 Rfc8 15. Qd3 Nc5 16. Qa3 Bd5 17. Rfd1 Nfe4 18. Be1 Qf6 19. Rac1 Bf8 20. b4 Ne6 21. Rxc8 Rxc8 22. Nxe6 Qxe6 23. Qd3 Nf6 24. a4 Qg4 25. Qe2 e6 26. h3 Qh5 27. Nd4 Qe5 28. f3 Bd6 29. f4 Qh5 30. Qxh5 gxh5 31. Bd3 Ne4 32. a5 Be7 33. Nb5 a6 34. Nd4 Nc3 35. Bxc3 Rxc3 36. b5 axb5 37. Nxb5 Rb3 38. a6 Bc5 39. Nd4 Rb2 40. Bf1 Ra2 41. Rc1 Bb6 42. Rc2 Ra1 43. Kf2 Kg7 44. Be2 f5 45. Rb2 Ba7 46. Nb5 Rxa6 47. Nc7 Ra3 48. Nxd5 exd5 1/2-1/2

[Event "Bonn Beuel - Solingen 4"]
[Site "?"]
[Date "2023.12.03"]
[Round "4.6"]
[White "Goergen, Christian"]
[Black "Erkay, Ali-Necip"]
[Result "1/2-1/2"]
[WhiteElo "1839"]
[BlackElo "1876"]
[PlyCount "27"]
[EventDate "2023.??.??"]
[SourceVersionDate "2020.03.16"]

1. c4 Nf6 2. g3 e6 3. Bg2 d5 4. Nf3 Be7 5. O-O O-O 6. b3 b6 7. Bb2 Bb7 8. d3 c5 9. e3 Nc6 10. Qe2 Qc7 11. Rc1 dxc4 12. bxc4 Rfd8 13. Nc3 Qd7 14. Rd1 1/2-1/2

[Event "Bonn Beuel - Solingen 4"]
[Site "?"]
[Date "2023.12.03"]
[Round "4.7"]
[White "Loriguillo Gonzalez, Gregorio"]
[Black "Gaul, Alexander"]
[Result "1/2-1/2"]
[WhiteElo "1852"]
[BlackElo "1943"]
[PlyCount "78"]
[EventDate "2023.??.??"]
[SourceVersionDate "2020.03.16"]

1. e4 c6 2. d4 d5 3. exd5 cxd5 4. Bd3 Nf6 5. h3 Nc6 6. c3 g6 7. Nf3 Bf5 8. O-O Bxd3 9. Qxd3 Bg7 10. Bf4 O-O 11. Nbd2 Qb6 12. a4 Rac8 13. Qb5 Rfd8 14. Rfe1 e6 15. Nb3 Nd7 16. Nc5 Nxc5 17. dxc5 Qa6 18. Rac1 Nb8 19. Bxb8 Qxb5 20. axb5 Rxb8 21. Ne5 d4 22. cxd4 Rxd4 23. c6 Rd5 24. Nd7 Re8 25. cxb7 Rxd7 26. Rc8 Rdd8 27. b8=Q Rxc8 28. Qxa7 Bxb2 29. Rd1 e5 30. Rd7 Bd4 31. Qa2 Rf8 32. g3 Rb8 33. Qb3 Rb6 34. Kg2 Rf6 35. f4 Bb6 36. Qc4 Re8 37. Qe4 Kf8 38. Qb4+ Kg7 39. Re7 Rxe7 1/2-1/2

[Event "Bonn Beuel - Solingen 4"]
[Site "?"]
[Date "2023.12.03"]
[Round "4.8"]
[White "Koch, Matthias"]
[Black "Atar, Efecan"]
[Result "1/2-1/2"]
[WhiteElo "1879"]
[BlackElo "1579"]
[PlyCount "48"]
[EventDate "2023.??.??"]
[SourceVersionDate "2020.03.16"]

1. e4 e6 2. d4 d5 3. Nc3 dxe4 4. Nxe4 Nf6 5. Bg5 Be7 6. Bxf6 gxf6 7. Nf3 Nc6 8. c3 Qd5 9. Bd3 Bd7 10. Qe2 O-O-O 11. Bc4 Qh5 12. O-O-O Rhg8 13. Ng3 Qh6+ 14. Kb1 f5 15. d5 Nb8 16. Ne5 f4 17. Nxd7 Nxd7 18. dxe6 fxe6 19. Bxe6 Rge8 20. Rxd7 Rxd7 21. Bxd7+ Kxd7 22. Qg4+ Kd8 23. Nf5 Qg6 24. Rd1+ Kc8 1/2-1/2

[Event "Niederkassel - Wattenscheid 2"]
[Site "?"]
[Date "2023.12.03"]
[Round "4.1"]
[White "Schroeder, Wilfried"]
[Black "Grimm, Sascha"]
[Result "0-1"]
[WhiteElo "2134"]
[BlackElo "2298"]
[PlyCount "64"]
[EventDate "2023.??.??"]
[SourceVersionDate "2020.03.16"]

1. Nf3 Nf6 2. g3 g6 3. Bg2 Bg7 4. O-O O-O 5. c4 c5 6. Nc3 Nc6 7. d4 cxd4 8. Nxd4 Qb6 9. Nc2 d6 10. b3 Be6 11. Be3 Qa5 12. Nb5 d5 13. Bd2 Qd8 14. cxd5 Bxd5 15. Nc3 Bxg2 16. Kxg2 Nd5 17. Qe1 Rc8 18. Kg1 Ncb4 19. Nxb4 Nxb4 20. Rc1 Qd7 21. a3 Nc6 22. Be3 Qe6 23. Rb1 Rfd8 24. Na2 Bd4 25. Bd2 Ne5 26. Nb4 Bb6 27. Bf4 Ng4 28. Nd3 Rc2 29. Nc1 Qe4 30. h3 Nf6 31. Qb4 Rd4 32. Qb5 Rc5 0-1

[Event "Niederkassel - Wattenscheid 2"]
[Site "?"]
[Date "2023.12.03"]
[Round "4.2"]
[White "Bussard, Christian"]
[Black "Peter, Thomas"]
[Result "1-0"]
[WhiteElo "2229"]
[BlackElo "2202"]
[PlyCount "109"]
[EventDate "2023.??.??"]
[SourceVersionDate "2020.03.16"]

1. d4 e6 2. Nf3 Nf6 3. c3 d5 4. Bf4 Bd6 5. Bg3 O-O 6. e3 c5 7. Nbd2 Nc6 8. Bd3 Re8 9. Ne5 Qe7 10. f4 Bxe5 11. fxe5 Nd7 12. O-O f5 13. exf6 Nxf6 14. Bh4 e5 15. Bxf6 gxf6 16. Qh5 Be6 17. Rxf6 e4 18. Bxe4 dxe4 19. Nxe4 Bc4 20. Qg5+ Kh8 21. Nd6 Rg8 22. Qh6 Qg7 23. Qxg7+ Kxg7 24. Rf5 Ba6 25. Rxc5 Rad8 26. Nf5+ Kf6 27. Ng3 Rd7 28. Nh5+ Ke7 29. Nf4 Rd6 30. b4 b6 31. Rh5 Bc4 32. Rxh7+ Kd8 33. Kf2 Rd7 34. Rxd7+ Kxd7 35. a3 Ne7 36. e4 Ng6 37. Nxg6 Rxg6 38. h3 b5 39. a4 Ra6 40. a5 Rf6+ 41. Ke3 Ke6 42. Rc1 Rf8 43. g4 Bf1 44. h4 Bg2 45. Rg1 Bf1 46. h5 Bc4 47. g5 Kf7 48. Rg3 Kg7 49. d5 Rf1 50. Kd4 Rh1 51. h6+ Kg6 52. Kc5 a6 53. Kc6 Rh4 54. e5 Re4 55. Rh3 1-0

[Event "Niederkassel - Wattenscheid 2"]
[Site "?"]
[Date "2023.12.03"]
[Round "4.3"]
[White "Lang, Daniel"]
[Black "Stanetzek, Carsten"]
[Result "1-0"]
[WhiteElo "2108"]
[BlackElo "2164"]
[PlyCount "67"]
[EventDate "2023.??.??"]
[SourceVersionDate "2020.03.16"]

1. d4 d5 2. c4 c6 3. Nc3 Nf6 4. e3 a6 5. Nf3 b5 6. b3 Bg4 7. a4 b4 8. Na2 a5 9. cxd5 cxd5 10. Bb5+ Nbd7 11. h3 Bxf3 12. gxf3 g6 13. Bb2 Bg7 14. Nc1 O-O 15. Nd3 Rc8 16. Rc1 Rxc1 17. Qxc1 Qb8 18. Qd2 Rc8 19. O-O Rc7 20. Rc1 e6 21. Ne5 Nxe5 22. dxe5 Nd7 23. Bxd7 Rxd7 24. Qc2 Bf8 25. Qc6 Rb7 26. Qa6 Rc7 27. Rc6 Rxc6 28. Qxc6 Be7 29. Bd4 Bd8 30. Qe8+ Kg7 31. Bc5 Bc7 32. Qxb8 Bxb8 33. Bb6 Bxe5 34. Bxa5 1-0

[Event "Niederkassel - Wattenscheid 2"]
[Site "?"]
[Date "2023.12.03"]
[Round "4.4"]
[White "Kneutgen, Alexander"]
[Black "Gohla, Ulf"]
[Result "1/2-1/2"]
[WhiteElo "2052"]
[BlackElo "2118"]
[PlyCount "38"]
[EventDate "2023.??.??"]
[SourceVersionDate "2020.03.16"]

1. Nf3 d5 2. g3 Nf6 3. Bg2 Bg4 4. O-O Nbd7 5. d3 e5 6. c4 dxc4 7. dxc4 c6 8. Nc3 Bc5 9. a3 a5 10. Na4 Ba7 11. b4 O-O 12. Bb2 Re8 13. Qc2 Qe7 14. c5 Nd5 15. e4 Nc7 16. Nd2 Na6 17. Bc3 Be6 18. Rfd1 b5 19. Nb2 a4 1/2-1/2

[Event "Niederkassel - Wattenscheid 2"]
[Site "?"]
[Date "2023.12.03"]
[Round "4.5"]
[White "Schmedders, Hans-Gerd"]
[Black "Kroener, Alexander"]
[Result "1-0"]
[WhiteElo "2160"]
[BlackElo "1939"]
[PlyCount "55"]
[EventDate "2023.??.??"]
[SourceVersionDate "2020.03.16"]

1. d4 Nf6 2. Bg5 c5 3. Nc3 cxd4 4. Qxd4 Nc6 5. Qh4 e6 6. O-O-O a6 7. e4 Be7 8. f4 Ng8 9. Bxe7 Qxe7 10. Qg3 Qf6 11. Bd3 Nb4 12. Be2 Ne7 13. a3 Nbc6 14. Bd3 Qg6 15. Qf2 O-O 16. Kb1 Qh5 17. Nge2 d5 18. h3 dxe4 19. g4 Qa5 20. Nxe4 f5 21. Nd6 b5 22. gxf5 exf5 23. Rhg1 Be6 24. Nd4 Bd7 25. Nxc6 Nxc6 26. Qc5 Ne7 27. Bc4+ Kh8 28. Nf7+ 1-0

[Event "Halver-Schalksmühle - Bonn"]
[Site "?"]
[Date "2023.12.03"]
[Round "4.1"]
[White "Sharma, Vibhor"]
[Black "Browning, Alex"]
[Result "1-0"]
[WhiteElo "1895"]
[BlackElo "2327"]
[PlyCount "87"]
[EventDate "2023.??.??"]
[SourceVersionDate "2020.03.16"]

1. e4 c5 2. Nc3 Nc6 3. d3 d6 4. g3 Nf6 5. Bg2 e6 6. Nf3 Be7 7. O-O O-O 8. Re1 a6 9. a4 Rb8 10. Bf4 Nd7 11. Qd2 b5 12. axb5 axb5 13. Ne2 Bb7 14. h4 Ra8 15. c3 e5 16. Be3 Nf6 17. Qc2 h6 18. Nh2 Qd7 19. Red1 d5 20. Qb3 Na5 21. Qc2 Rfc8 22. b3 Qe6 23. Rab1 d4 24. Bd2 dxc3 25. Bxc3 Nc6 26. Qb2 b4 27. Bd2 Nd4 28. Be3 Ra3 29. Nc1 Nb5 30. Bd2 Rca8 31. Nf1 Nd4 32. Ne3 Ba6 33. Nc4 Bxc4 34. dxc4 Qg4 35. Re1 Rd8 36. Be3 Nxe4 37. Bxd4 Rxd4 38. Ne2 Nc3 39. Nxc3 bxc3 40. Qxa3 c2 41. Rbc1 Rd1 42. Qa8+ Bd8 43. Qe4 Rxc1 44. Rxc1 1-0

[Event "Halver-Schalksmühle - Bonn"]
[Site "?"]
[Date "2023.12.03"]
[Round "4.2"]
[White "Jansen, Dirk Norbert"]
[Black "Mueller, Adrian"]
[Result "0-1"]
[WhiteElo "2038"]
[BlackElo "2005"]
[PlyCount "82"]
[EventDate "2023.??.??"]
[SourceVersionDate "2020.03.16"]

1. d4 Nf6 2. Nf3 e6 3. Bf4 d5 4. c3 c5 5. e3 Qb6 6. Qb3 c4 7. Qc2 Bd6 8. Bxd6 Qxd6 9. b3 cxb3 10. axb3 Nc6 11. Nbd2 O-O 12. Bb5 Bd7 13. O-O Nb4 14. cxb4 Bxb5 15. Rfc1 Qxb4 16. Ne5 Bd7 17. Nxd7 Nxd7 18. Ra4 Qb5 19. Qc3 a5 20. Ra2 Nb8 21. Nb1 Nc6 22. Na3 Qb4 23. Qd3 Rfc8 24. Rca1 g6 25. Qb5 a4 26. bxa4 Rxa4 27. Qd3 Qa5 28. Qb1 Qa6 29. Nb5 Rb4 30. Qxb4 Nxb4 31. Rxa6 bxa6 32. Na3 Kf8 33. Kf1 Ke7 34. Rb1 a5 35. Ke2 Rc3 36. Ra1 Kd7 37. Kf3 Kc6 38. g4 g5 39. Ke2 Kb6 40. Kd2 Rd3+ 41. Ke2 Rb3 0-1

[Event "Halver-Schalksmühle - Bonn"]
[Site "?"]
[Date "2023.12.03"]
[Round "4.3"]
[White "Horstmann, Olaf"]
[Black "Lutze, Max"]
[Result "1-0"]
[WhiteElo "2103"]
[BlackElo "2073"]
[PlyCount "67"]
[EventDate "2023.??.??"]
[SourceVersionDate "2020.03.16"]

1. e4 c5 2. d3 g6 3. g3 Bg7 4. Bg2 Nc6 5. f4 e6 6. c3 Nge7 7. Be3 b6 8. Nf3 O-O 9. O-O d5 10. e5 Nf5 11. Bf2 h5 12. Na3 Bb7 13. d4 cxd4 14. cxd4 Qe7 15. h3 Ba6 16. Re1 Qb4 17. Nc2 Qe7 18. g4 hxg4 19. hxg4 Nh6 20. Ne3 Qd7 21. Qd2 Rfc8 22. Bh4 Bf8 23. Bg5 Kg7 24. Bf6+ Kg8 25. Qf2 Nb4 26. Qh4 Bg7 27. Bg5 Nd3 28. Reb1 Rc7 29. Bxh6 Rac8 30. Bxg7 Kxg7 31. Qf6+ Kg8 32. f5 Qe8 33. fxg6 fxg6 34. Ng5 1-0

[Event "Halver-Schalksmühle - Bonn"]
[Site "?"]
[Date "2023.12.03"]
[Round "4.4"]
[White "Runtemund, Rene"]
[Black "Limp, Roland"]
[Result "1/2-1/2"]
[WhiteElo "2004"]
[BlackElo "2001"]
[PlyCount "21"]
[EventDate "2023.??.??"]
[SourceVersionDate "2020.03.16"]

1. e4 c5 2. b4 cxb4 3. Bb2 Nf6 4. e5 Nd5 5. c4 bxc3 6. Nxc3 Nxc3 7. Bxc3 Nc6 8. d4 e6 9. d5 exd5 10. Qxd5 d6 11. Bb5 1/2-1/2

[Event "Halver-Schalksmühle - Bonn"]
[Site "?"]
[Date "2023.12.03"]
[Round "4.5"]
[White "Wahl, Felix"]
[Black "Luettich, Bodo"]
[Result "1-0"]
[WhiteElo "2089"]
[BlackElo "2038"]
[PlyCount "87"]
[EventDate "2023.??.??"]
[SourceVersionDate "2020.03.16"]

1. e4 d5 2. exd5 Qxd5 3. Nc3 Qa5 4. d4 Nf6 5. Nf3 Bg4 6. h3 Bh5 7. g4 Bg6 8. Ne5 Nbd7 9. Nc4 Qa6 10. Bf4 Qe6+ 11. Ne3 Qb6 12. Nb5 Rc8 13. a4 a6 14. a5 Qc6 15. d5 Qc5 16. Nc3 e5 17. dxe6 fxe6 18. Bg2 c6 19. O-O Be7 20. Qe2 O-O 21. Nc4 Nd5 22. Nxd5 exd5 23. Qe6+ Bf7 24. Qxd7 Qxc4 25. Qxe7 Qxf4 26. Qxb7 Bg6 27. Qxa6 Bxc2 28. Qe2 Bb3 29. Qe3 Qb4 30. Qc3 Qb5 31. Rfe1 Rf7 32. Ra3 Bc4 33. b3 Bd3 34. b4 Bc4 35. Qd2 Rb8 36. a6 Ra7 37. Qd4 Rf7 38. a7 Ra8 39. Rae3 Qxb4 40. Re8+ Rf8 41. R1e7 Qb1+ 42. Kh2 Qg6 43. Rxa8 Rxa8 44. Qe5 1-0

[Event "Halver-Schalksmühle - Bonn"]
[Site "?"]
[Date "2023.12.03"]
[Round "4.6"]
[White "Schmidt, Volker"]
[Black "Nasirov, Ruslan"]
[Result "0-1"]
[WhiteElo "1982"]
[BlackElo "2012"]
[PlyCount "118"]
[EventDate "2023.??.??"]
[SourceVersionDate "2020.03.16"]

1. e4 c5 2. Nf3 d6 3. d4 Nf6 4. Nc3 cxd4 5. Nxd4 g6 6. Be3 Bg7 7. f3 O-O 8. Qd2 Nc6 9. Bc4 Bd7 10. h4 Ne5 11. Bb3 Qa5 12. h5 Nxh5 13. Nde2 Rfc8 14. O-O-O Be6 15. Kb1 Nc4 16. Bxc4 Rxc4 17. Bh6 Rxc3 18. Nxc3 Bxc3 19. Qxc3 Bxa2+ 20. Ka1 Qxc3 21. bxc3 Bc4 22. Rd4 Rc8 23. Kb2 f6 24. Be3 Ng3 25. Ra1 a6 26. Rdd1 Bb5 27. Bd2 h5 28. Bf4 Ne2 29. Bd2 Kf7 30. Rh1 Rh8 31. Kb3 g5 32. c4 Bd7 33. Be3 Be6 34. Kb4 h4 35. Rhe1 Nf4 36. Bxf4 gxf4 37. c5 dxc5+ 38. Kxc5 Rc8+ 39. Kb6 Rxc2 40. Rh1 Rb2+ 41. Kc7 Bc4 42. Rxh4 e5 43. Rh7+ Kg8 44. Rh2 Kg7 45. Rd1 b5 46. Kb6 Ra2 47. Kc5 Bf7 48. Rhh1 Rxg2 49. Rhg1 Rxg1 50. Rxg1+ Kf8 51. Ra1 Bc4 52. Rxa6 Kf7 53. Kb4 Be2 54. Ra3 Kg6 55. Kc5 Kg5 56. Kd6 Kh4 57. Rb3 Bd1 58. Rb4 Bxf3 59. Kd5 Be2 0-1

[Event "Halver-Schalksmühle - Bonn"]
[Site "?"]
[Date "2023.12.03"]
[Round "4.7"]
[White "Dehmel, Jens"]
[Black "Koelz, Niklas"]
[Result "0-1"]
[WhiteElo "1964"]
[BlackElo "1830"]
[PlyCount "112"]
[EventDate "2023.??.??"]
[SourceVersionDate "2020.03.16"]

1. d4 Nf6 2. c4 e6 3. Nc3 d5 4. cxd5 exd5 5. Bg5 Be7 6. e3 h6 7. Bh4 c6 8. Bd3 Ne4 9. Bxe7 Qxe7 10. Qc2 Nd6 11. Nf3 Be6 12. O-O-O Nd7 13. Kb1 O-O-O 14. Rc1 Kb8 15. h3 Rc8 16. Na4 b6 17. Ba6 Rc7 18. Ka1 Nb7 19. Qc3 Qd6 20. b4 Rg8 21. Qb3 c5 22. Bxb7 c4 23. Qb2 Rxb7 24. a3 Bf5 25. b5 a6 26. Nc3 a5 27. Ka2 Re8 28. Qd2 g5 29. Kb2 Rc7 30. Rcg1 Bg6 31. g4 Be4 32. Rg3 f5 33. gxf5 Rf8 34. Rhg1 Bxf5 35. h4 Nf6 36. Ka2 Ne4 37. Nxe4 Bxe4 38. Ne5 c3 39. Qe2 c2 40. Nc6+ Rxc6 41. bxc6 Qxc6 42. Rc1 Rc8 43. hxg5 Qc3 44. Qb5 Bd3 45. Qb2 Qc6 46. gxh6 Qxh6 47. f4 b5 48. Rg5 Qd6 49. Ka1 b4 50. Qb3 Rc3 51. Qxd5 Qxd5 52. Rxd5 Rxa3+ 53. Kb2 Bc4 54. Rd8+ Kc7 55. Rxc2 Ra2+ 56. Kb1 Rxc2 0-1

[Event "Halver-Schalksmühle - Bonn"]
[Site "?"]
[Date "2023.12.03"]
[Round "4.8"]
[White "Kaemper, Ralph"]
[Black "Falkenberg, Hendrik"]
[Result "0-1"]
[WhiteElo "2030"]
[BlackElo "1958"]
[PlyCount "48"]
[EventDate "2023.??.??"]
[SourceVersionDate "2020.03.16"]

1. d4 d5 2. Nf3 Nf6 3. Bf4 c5 4. c3 Nc6 5. e3 Qb6 6. Qb3 c4 7. Qc2 Bf5 8. Qc1 e6 9. h3 h6 10. Nbd2 Qd8 11. Ne5 Nxe5 12. Bxe5 Be7 13. g4 Bg6 14. Bg2 b5 15. b3 Bd3 16. a4 a6 17. b4 a5 18. axb5 axb4 19. b6 Rxa1 20. Qxa1 bxc3 21. b7 cxd2+ 22. Kxd2 Nd7 23. Qa4 O-O 24. Ra1 Qb6 0-1

[Event "Porz 4 - Ennepe-Ruhr"]
[Site "?"]
[Date "2023.12.03"]
[Round "4.2"]
[White "Thalwitzer, David"]
[Black "Tripolsky, Eugen"]
[Result "0-1"]
[WhiteElo "2110"]
[BlackElo "2280"]
[PlyCount "140"]
[EventDate "2023.??.??"]
[SourceVersionDate "2020.03.16"]

1. e4 d6 2. d4 Nf6 3. Nc3 g6 4. f4 Bg7 5. Nf3 O-O 6. Bd3 Na6 7. O-O c5 8. d5 Rb8 9. a4 Nb4 10. Kh1 a6 11. Be3 b5 12. axb5 axb5 13. Bxb5 Nxe4 14. Nxe4 Rxb5 15. c3 Na6 16. Qd2 Nc7 17. Rab1 Bf5 18. Qd3 Qa8 19. c4 Rxb2 20. Rxb2 Bxb2 21. Nh4 Qa3 22. Qxa3 Bxa3 23. Nxf5 gxf5 24. Ng3 e6 25. Rd1 Rd8 26. h3 Kg7 27. dxe6 fxe6 28. Rd3 Bb4 29. Bd2 Bxd2 30. Rxd2 Ne8 31. Nh5+ Kf7 32. Rb2 Nf6 33. Nxf6 Kxf6 34. Rb7 h5 35. Kg1 Ra8 36. Rd7 Ra4 37. Rxd6 Rxc4 38. Rc6 h4 39. Rc7 Rxf4 40. Rxc5 e5 41. Rc6+ Kg5 42. Re6 Re4 43. Kf2 f4 44. Re8 Re3 45. Rg8+ Kf5 46. Rh8 Ke4 47. Rxh4 Ra3 48. Rh5 Ra2+ 49. Kf1 Kd4 50. h4 e4 51. Rb5 Kd3 52. Rb1 e3 53. Rd1+ Ke4 54. Rd7 Rf2+ 55. Kg1 Rd2 56. Re7+ Kd3 57. Rd7+ Ke2 58. Re7 Kd1 59. Ra7 Ke2 60. Ra8 Rd1+ 61. Kh2 Kf2 62. Ra3 f3 63. Ra2+ e2 64. gxf3 Kxf3 65. Rxe2 Kxe2 66. Kg3 Ke3 67. Kg4 Ke4 68. Kg5 Ke5 69. Kg6 Rg1+ 70. Kh6 Kf6 0-1

[Event "Porz 4 - Ennepe-Ruhr"]
[Site "?"]
[Date "2023.12.03"]
[Round "4.3"]
[White "Heller, Achim"]
[Black "Trunz, Michelle"]
[Result "0-1"]
[WhiteElo "2049"]
[BlackElo "2024"]
[PlyCount "122"]
[EventDate "2023.??.??"]
[SourceVersionDate "2020.03.16"]

1. d4 d5 2. c4 c6 3. Nf3 Nf6 4. cxd5 cxd5 5. Nc3 e6 6. Bf4 Bd6 7. e3 O-O 8. Bd3 b6 9. Ne5 Bb7 10. O-O Nc6 11. Nxc6 Bxc6 12. Bxd6 Qxd6 13. Rc1 a6 14. Qe2 b5 15. a3 Rab8 16. b4 Nd7 17. f4 g6 18. Qe1 Nb6 19. Rf3 Nc4 20. Rh3 Qe7 21. Nb1 Bd7 22. Rf3 Rfc8 23. Rf2 a5 24. Bxc4 dxc4 25. Rb2 axb4 26. axb4 Ra8 27. Nc3 Bc6 28. Ra1 Rxa1 29. Qxa1 Ra8 30. Ra2 Rxa2 31. Nxa2 Qa7 32. Qb2 Qa4 33. Nc3 Qb3 34. Qxb3 cxb3 35. Nd1 Kf8 36. g3 Ke7 37. Kf2 Kd6 38. Ke2 Bd5 39. Kd3 f6 40. Kc3 e5 41. dxe5+ fxe5 42. Nb2 Ke6 43. Nd3 exf4 44. exf4 Kf5 45. Nf2 h5 46. Kb2 Bc4 47. Kc3 Kf6 48. Ne4+ Ke6 49. Nf2 Kd5 50. Nd1 Ke4 51. Nb2 Be6 52. Nd3 Kf3 53. Ne5+ Kg2 54. Nxg6 Kxh2 55. Ne7 Kxg3 56. f5 Bf7 57. Nc6 h4 58. Ne5 h3 59. Nxf7 h2 60. Ne5 h1=Q 61. f6 Qa1+ 0-1

[Event "Porz 4 - Ennepe-Ruhr"]
[Site "?"]
[Date "2023.12.03"]
[Round "4.4"]
[White "Wagenknecht, Uwe"]
[Black "Arakelian, Aik"]
[Result "1/2-1/2"]
[WhiteElo "2117"]
[BlackElo "2053"]
[PlyCount "46"]
[EventDate "2023.??.??"]
[SourceVersionDate "2020.03.16"]

1. Nf3 c5 2. b3 Nc6 3. Bb2 d6 4. d4 cxd4 5. Nxd4 Nf6 6. Nc3 e5 7. Nxc6 bxc6 8. e4 Be6 9. Bd3 Be7 10. O-O O-O 11. Qe2 Nd7 12. Rad1 d5 13. Nb1 Qc7 14. Rfe1 d4 15. Nd2 c5 16. Bc4 Nb6 17. Bxe6 fxe6 18. Nc4 Rf6 19. Bc1 Raf8 20. f3 h6 21. Bd2 Nxc4 22. Qxc4 Qb6 23. Rf1 a6 {(=)} 1/2-1/2

[Event "Porz 4 - Ennepe-Ruhr"]
[Site "?"]
[Date "2023.12.03"]
[Round "4.5"]
[White "Hess, Olena"]
[Black "Evers, Leo"]
[Result "1/2-1/2"]
[WhiteElo "2048"]
[BlackElo "2074"]
[PlyCount "41"]
[EventDate "2023.??.??"]
[SourceVersionDate "2020.03.16"]

1. Nf3 c5 2. c4 Nf6 3. d4 cxd4 4. Nxd4 Nc6 5. Nc3 g6 6. e4 d6 7. Be2 Bg7 8. Be3 O-O 9. O-O a6 10. Qd2 Ng4 11. Bxg4 Bxg4 12. Rac1 Rc8 13. Nd5 Nxd4 14. Bxd4 Bxd4 15. Qxd4 Be6 16. Rc3 b5 17. cxb5 Rxc3 18. Qxc3 axb5 19. Rc1 Bxd5 20. exd5 Qa8 21. Qb3 {(=)} 1/2-1/2

[Event "Porz 4 - Ennepe-Ruhr"]
[Site "?"]
[Date "2023.12.03"]
[Round "4.6"]
[White "Slowik, Martin"]
[Black "Bruchmann, Norbert"]
[Result "0-1"]
[WhiteElo "1968"]
[BlackElo "2030"]
[PlyCount "116"]
[EventDate "2023.??.??"]
[SourceVersionDate "2020.03.16"]

1. e4 e6 2. d4 d5 3. e5 c5 4. c3 Nc6 5. Nf3 Qb6 6. a3 a5 7. b3 Bd7 8. Be3 Nh6 9. Bd3 Ng4 10. O-O cxd4 11. cxd4 Nxe3 12. fxe3 Be7 13. Nc3 O-O 14. Ne1 g6 15. Na4 Qd8 16. Qe2 f5 17. g3 Rc8 18. Bb5 Be8 19. h4 Na7 20. Bxe8 Qxe8 21. Nd3 Qb5 22. Qd2 b6 23. Rfb1 Rc7 24. Nc3 Qd7 25. Rc1 Rfc8 26. Qb2 Bf8 27. a4 Qe7 28. Kf2 Kh8 29. Nf4 Qd7 30. Nd3 Be7 31. Qd2 Kg7 32. Kf3 Qe8 33. Ne2 Nc6 34. Nef4 Kf7 35. Kg2 Nb4 36. Nxb4 Bxb4 37. Rxc7+ Rxc7 38. Qd1 Qc8 39. Nd3 Rc2+ 40. Kf3 Rd2 41. Qc1 Qxc1 42. Nxc1 Rd1 43. Ke2 Rg1 44. Kf2 Rh1 45. Ke2 Bc3 46. Rb1 Bb2 47. Kd2 Ba3 48. Ra1 Bb4+ 49. Ke2 h6 50. Rb1 g5 51. h5 g4 52. Ra1 Re1+ 53. Kf2 Ke7 54. Rb1 Bc3 55. Ra1 Rh1 56. Rb1 Bd2 57. Ke2 Bxc1 58. Kd3 Rg1 0-1